000 00815nam a22001935i 4500
001 163813
003 ES-MaACL
005 20250929063239.0
008 050719s1861 sp | |||||||| ||spa d
040 _aCAM
_bspa
_cCAM
100 1 _aRodríguez Rubí, Tomás,
_d1817-1890
_9131953
245 1 0 _aMejor es creer
_b: comedia en tres actos y en verso /
_coriginal de Tomás Rodríguez Rubí.
250 _a2ª ed.
260 _aMadrid :
_b[s.n.],
_c1861 (
_fImprenta de Cristóbal González)
300 _a78 p. ;
_c18 cm.
596 _aEn p. 3 consta: "... Círculo Literario Comercial ..." y en la port.: Nº 294.
852 _aES-MaACL
_jF-8585(10)
_z-- Enc. pasta española
_z-- Enc. en un vol. facticio formando parte de la col. facticia "Teatro español moderno", vol. 38
999 _c163813
_d163813